Život na uzdě /
Uloženo v:
| Hlavní autor: | |
|---|---|
| Další autoři: | , , , |
| Médium: | E-audiokniha |
| Jazyk: | Czech |
| Vydáno: |
Praha :
Voxi,
[2025]
|
| Témata: | |
| Tagy: |
Žádné tagy |
| LEADER | 03723nim a2200913 i 4500 | ||
|---|---|---|---|
| 001 | 313392 | ||
| 003 | CZ PrSKC | ||
| 005 | 20260601215741.0 | ||
| 007 | sd fungnnmmned | ||
| 008 | 250403t20252025xr nnnng bt n cze | ||
| 015 | |a cnb003680653 | ||
| 020 | |a 9788074483288 : |c Kč 349,00 | ||
| 040 | |a ABA001 |b cze |e rda | ||
| 043 | |a e-xr--- | ||
| 045 | |a x6y- | ||
| 072 | 7 | |a 796 |x Sport. Hry. Tělesná cvičení |2 Konspekt | |
| 072 | 7 | |a 929 |x Biografie |2 Konspekt | |
| 080 | |a 796.966.071.43 |2 MRF | ||
| 080 | |a 159.9-055.1 |2 MRF | ||
| 080 | |a 005.572-051 |2 MRF | ||
| 080 | |a 929 |2 MRF | ||
| 080 | |a (437.3) |2 MRF | ||
| 080 | |a (0:82-94) |2 MRF | ||
| 080 | |a (047.53) |2 MRF | ||
| 080 | |a (086.7)08 |2 MRF | ||
| 080 | |a (086.76) |2 MRF | ||
| 100 | 1 | |a Jelínek, Marian, |d 1963- |7 xx0012610 |4 aut | |
| 245 | 1 | 0 | |a Život na uzdě / |c Renata Červenková, Marian Jelínek |
| 264 | 1 | |a Praha : |b Voxi, |c [2025] | |
| 264 | 4 | |c ©2025 | |
| 300 | |a 1 audiodisk (8 hod., 7 min.) ; |c 12 cm | ||
| 306 | |a 080700 | ||
| 336 | |a mluvené slovo |b spw |2 rdacontent | ||
| 337 | |a audio |b s |2 rdamedia | ||
| 338 | |a audiodisk |b sd |2 rdacarrier | ||
| 344 | |a digital |b optical |2 rda | ||
| 347 | |a audio soubor |b MP3 |2 rda | ||
| 500 | |a Název z disku | ||
| 500 | |a Podle stejnojmenné knihy vydané nakladatelstvím Vyšehrad v roce 2025 | ||
| 500 | |a Vydalo nakladatelství Voxi ve společnosti Albatros Media a.s. | ||
| 500 | |a Nezkrácená audiokniha ve formátu MP3 | ||
| 508 | |a Režie, Jakub Tabery | ||
| 511 | 0 | |a Čtou Gustav Hašek a Apolena Veldová | |
| 518 | |o Nahráno |d 2025 |p studio Guests s.r.o. | ||
| 600 | 1 | 7 | |a Jelínek, Marian, |d 1963- |7 xx0012610 |2 czenas |
| 648 | 7 | |a 20.-21. století |7 ch462155 |2 czenas | |
| 650 | 0 | 7 | |a hokejoví trenéři |7 ph330290 |z Česko |y 20.-21. století |2 czenas |
| 650 | 0 | 7 | |a psychologové |7 ph124816 |z Česko |y 20.-21. století |2 czenas |
| 650 | 0 | 7 | |a koučové |7 ph909382 |z Česko |y 20.-21. století |2 czenas |
| 650 | 0 | 9 | |a hockey coaches |z Czechia |y 20th-21st centuries |2 eczenas |
| 650 | 0 | 9 | |a psychologists |z Czechia |y 20th-21st centuries |2 eczenas |
| 650 | 0 | 9 | |a personal coaches |z Czechia |y 20th-21st centuries |2 eczenas |
| 655 | 7 | |a autobiografické vzpomínky |7 fd131854 |2 czenas | |
| 655 | 7 | |a rozhovory |7 fd133303 |2 czenas | |
| 655 | 7 | |a audioknihy |7 fd119452 |2 czenas | |
| 655 | 7 | |a kompaktní disky |7 fd201991 |2 czenas | |
| 655 | 9 | |a autobiographical reminiscences |2 eczenas | |
| 655 | 9 | |a interviews |2 eczenas | |
| 655 | 9 | |a audiobooks |2 eczenas | |
| 655 | 9 | |a compact discs |2 eczenas | |
| 700 | 1 | |a Červenková, Renata, |d 1950- |7 pna2007370846 |4 aut | |
| 700 | 1 | |a Hašek, Gustav, |d 1980- |7 xx0249220 |4 nrt | |
| 700 | 1 | |a Veldová, Apolena, |d 1964- |7 xx0119239 |4 nrt | |
| 700 | 1 | |a Tabery, Jakub, |d 1974- |7 xx0196999 |4 drt | |
| 900 | |a ABA001 |b 19 | ||
| 928 | 9 | |a Albatros Media | |
| 044 | |a xr | ||
| 505 | 0 | 0 | |t 01_Úvodem (3 min., 26 sek.) |
| 505 | 0 | 0 | |t 02_Ten od jágra (1 hod., 9 min., 11 sek.) |
| 505 | 0 | 0 | |t 03_Rolí jako v Národním (55 min., 26 sek.) |
| 505 | 0 | 0 | |t 04_Zmítání v pasti svobody a blahobytu (1 hod., 9 min., 36 sek.) |
| 505 | 0 | 0 | |t 05_Výlety do vlastní džungle (44 min., 3 sek.) |
| 505 | 0 | 0 | |t 06_Jen odolní jsou v pohodě (45 min., 40 sek.) |
| 505 | 0 | 0 | |t 07_Od všeho tak akorát (55 min., 8 sek.) |
| 505 | 0 | 0 | |t 08_Každá překážka je dobrá (1 hod., 29 min., 47 sek.) |
| 505 | 0 | 0 | |t 09_Sázka na jistotu (54 min., 39 sek.) |
| 910 | |a RBIT002 | ||
| 998 | |d 416985 |a https://core.palmknihy.cz/api/books/416985/cover?sqbd3q |b https://core.palmknihy.cz/api/books/416985/cover/400?sqbd3q |c https://core.palmknihy.cz/api/books/416985/cover/50?sqbd3q |e 2030-12-31 |i 9788074483288 |l 29220 |q 49 |r 1 |s https://www.palmknihy.cz/kniha/416985 |t audiobook |y 2025 |z 0 | ||
| 999 | |d 313390 | ||